Statistics for Only Connect Quiz #2

Click here to take the quiz!

General Stats

  • This quiz has been taken 107 times
  • The average score is 6 of 40

Answer Stats

Round #CluesAnswer% Correct
4First lines of novels: CL LMS HMLCall me Ishmael
50%
4First lines of novels: TWST HBS TFTM STW STHWR STFT MSIt was the best of times, it was the worst of times
39%
4Second lines of Christmas carols: JYF LN DTRM PHNTJoyful and triumphant
36%
4Second lines of Christmas carols: GLR YTT HNWB RNKN GGlory to the newborn King
35%
4Final lines of films: SL NGP RTNRSo long, partner
33%
4Immune System's Third Line of Defence: TC LLST cells
29%
4Immune System's Third Line of Defence: BCL LSB cells
28%
4Immune System's Third Line of Defence: NTB DSAntibodies
27%
4Immune System's Third Line of Defence: CY TKN SCytokines
27%
4Fourth members of foursomes: JH NTHV NGL STJohn the Evangelist
27%
1John Thornton, Barrymore Court, John Polk, Denis ThatcherMarried to Margarets
24%
4Final lines of films: KV NW HTDDY DTM YRMKevin, what did you do to my room?
18%
4Second lines of Christmas carols: THL RDSC MThe LORD is come
17%
4Fourth members of foursomes: NLY NGNeil Young
16%
4Fourth members of foursomes: CL YDT HGHS TClyde the ghost
13%
4First lines of novels: TST RTHN VRSL LYC KNWL DGDIt is a truth universally acknowledged
13%
2N: 20, E: 6, S: 3...W: 11
13%
4First lines of novels: TWSB RG HTCL DDYN PRLIt was a bright, cold day in April
12%
1Pretzels, double-entry bookkeeping, kung fu, geneticsDeveloped by monks
9%
4Second lines of Christmas carols: S WTL YSN GNGR THP LNSSweetly singing o'er the plains
9%
1Eutychus, The Rooster of Barcelos, The Hebrew language, AslanBrought back to life
8%
2Hôtel-de-Ville, Temple, Bourse...Louvre
8%
4Final lines of films: YMTMT VRYS TRNGT MNMY LFYou met me at a very strange time in my life
8%
24: Boötes, 3: Centaurus, 2: Carina...1: Canis Major
5%
1Neptune's trident, The Fleur-de-lis, The Pleiades, St George's Cross,Appear on the logos of car brands
5%
2H = N, E = U, L = J...P = V
5%
241: flood, 40: gun, 39: forest gecko...38: bird
4%
25: e.g. Panama, 6: e.g. Burundi, 7: e.g. Australia...8: Azerbaijan or Moldova
4%
2Water, sun, stone...Beryl
4%
1C: Costa Rica, M: Scotland, V: St Patrick, 4: DenmarkInternational Code of Signals and equivalent flags
4%
2George Clooney, in Ocean's 11; Julia Roberts, in Hook; Robin Williams, in Man of the Year...Laura Linney, in Mystic River
4%
2Pringles (B), Doritos (A), Smiths (X)...Lays (Y)
4%
2Alex Jones, in London; Carol Kirkwood, in the Scottish Highlands; Kevin Bridges, in Bulgaria...Stephen Mangan, in California
4%
4Fourth members of foursomes: BMSMAbomasum
3%
1Igor Sikorsky, Insecticide, Lesotho, Richard NixonAnswers which won contestants a million dollars on "Who wants to be a millionaire?"
3%
1"It is well with my soul" tune, 2012 film starring Ben Affleck, Epigaea repens, SnoopyFamous ships
3%
1Magnolia, rampion, playful one, oceanLiteral translations of Disney princesses
3%
1Row, row, row; Carmen Overture; La Marseillaise; US Marine HymnSources for AFL songs
3%
110:20 in Barcelona, 11:45 in Beijing, 6:15 in Rio de Janeiro, 3:45 in TokyoTimes depicted by the arms of the fencing pictogram in its respective Olympic Games
3%
4Final lines of films: W HTS T HSS NMYC HLDR NWhat is this sin, my children?
3%

Score Distribution

Percentile by Number Answered

Percent of People with Each Score

Your Score History

You have not taken this quiz